| 000 | 00631nam a22002052 4500 | ||
|---|---|---|---|
| 001 | 0000024966 | ||
| 005 | 20151217152308.0 | ||
| 008 | 140402s xx 000 0 eng d | ||
| 020 | _a0335237784 : | ||
| 040 |
_aKABU _cKABU |
||
| 100 | 1 |
_aTeater, Barbra. _@0000185320 |
|
| 245 | 1 | 3 |
_aAn Intoduction to applying social work theories and methods / _cBarbra Teater. |
| 250 | _a1st ed. | ||
| 260 |
_aMaidenhead, England : _bOpen University Press, _c2010. |
||
| 300 | _axv, 218 p. | ||
| 650 | 0 |
_aSocial service. _@0000168021 |
|
| 852 | 1 | _9p2995 KES | |
| 908 | _a140402 | ||
| 950 | _@1 | ||
| 999 |
_c10441 _d10441 |
||